[Event "Petrov Memorial op"]
[Site "St Petersburg"]
[Date "2000.02.08"]
[Round "2"]
[White "Sambuev, Bator"]
[Black "Kalugin, Sergey V"]
[Result "1/2-1/2"]
[WhiteElo "2385"]
[BlackElo "2497"]
[Annotator "Tsesarsky,I"]
[PlyCount "77"]
[EventDate "2000.02.05"]
[EventType "swiss"]
[EventRounds "9"]
[EventCountry "RUS"]
[SourceTitle "CBM 076"]
[Source "ChessBase"]
[SourceDate "2000.05.31"]
[SourceVersion "1"]
[SourceVersionDate "2000.05.31"]
[SourceQuality "1"]

1. Nf3 d5 2. d4 Nf6 3. c4 e6 4. Nc3 c6 5. Bg5 Nbd7 6. e3 Qa5 7. Nd2 Bb4 8. Qc2
dxc4 9. Bxf6 Nxf6 10. Nxc4 Qc7 11. Be2 O-O 12. O-O (12. a3 Be7 13. b4 Nd5 (
13... b6 14. O-O Bb7 15. Bf3 Rac8 16. Rab1 Rfd8 17. Rfc1 $14 {1-0 Ribli,
Z-Smyslov,V/Las Palmas izt 1982 (66)}) (13... Bd7 14. O-O Nd5 15. Rfd1 Rfd8 16.
e4 (16. Ne4 $14) 16... Nxc3 17. Qxc3 Be8 18. g3 b6 19. Rac1 $14 {1/2-1/2
Donchev,D-Yusupov,A/Thessaloniki olm 1988 (46)}) 14. O-O Rd8 15. Ne4 Bd7 16.
Rfc1 Be8 17. Nc5 $14 {1/2-1/2 Gurevich,M-Panchenko,A/Naberezhnie Chelni 1988 
(63)}) 12... Bd7 (12... Bd6 13. Nxd6 $14 (13. f4 Bd7 14. Rad1 c5 15. d5 exd5
16. Nxd5 Nxd5 17. Rxd5 Be6 18. Rxd6 Bxc4 19. Rfd1 Bxe2 20. Qxe2 Rad8 21. Qd2
Rxd6 22. Qxd6 Qa5 $132 {1/2-1/2 Janowsky,D-Marco,G/Vienna 1898 (36)})) (12...
Bxc3 13. Qxc3 Nd5 14. Qb3 (14. Qa3 Nb6 15. Ne5 f6 16. Nd3 Bd7 17. Rac1 $14 {
1-0 Soln,P-Reschun,S/Finkenstein ,EXT 1994 (41)}) 14... Ne7 15. Ne5 Qd6 16.
Rac1 b6 17. Qa4 Bb7 18. Bf3 Rfc8 19. Rc2 $14 {1-0 Tessone,M-Labrana,M/Rosario
tt 1927 (39)}) (12... Nd5 13. Bd3 (13. Ne4 Be7 14. Ne5 Nf6 15. Rac1 $14 {
1-0 Mowla,A-Mohamed,M/Novi Sad olm YAR-LIB 1990 (34)}) 13... g6 14. a3 Be7 15.
Rac1 Bd7 16. Ne5 $14 {1-0 Saemisch,F-Bogoljubow,E/Bad Kissingen-Wch 1937 (38)})
(12... a6 13. Rac1 Bd7 14. Rfd1 Rfd8 15. Bf3 Be8 16. a3 Be7 17. b4 $14 {
1/2-1/2 Polugaevsky,L-Ujtelky,M/Rostov 1961 (39)}) (12... b5 13. Ne5 Bd6 14. f4
b4 (14... Rd8 15. Rac1 $14 (15. e4 Qb6 16. Kh1 Bc7 17. Bf3 Rxd4 $17 {1-0
Nienstedt,P-Lau,W/cr we 1ekl 1993 (38)})) 15. Ne4 Nxe4 16. Qxe4 Bb7 17. Bf3 $14
{0-1 Weiz,W-Kretschmer,H/cr DDR/M/588 L62/80/77 1977 (39)}) 13. Ne4 (13. a3 Be7
14. Ne5 Rfd8 15. b4 Be8 16. f4 b6 17. Rac1 Qb7 18. Bf3 $14 (18. f5 exf5 19.
Qxf5 $132 {0-1 Ree,H-Nikolac,J/Wijk aan Zee 1979 (48)})) 13... Be7 14. Rac1
Rfd8 (14... Rac8 15. Ne5 Rfd8 16. Ng5 Be8 17. Bc4 (17. Bd3 g6 18. Ngf3 Qb8 $11
{[%cal Gc6c5]}) 17... g6 18. Nxe6 (18. a3 Nd5 19. Ngf3 (19. Ne4 c5 20. Qe2 cxd4
21. exd4 Qb6 $15 {0-1 Finegold,B-Clemance,P/St John op-1 1988 (81)}) 19... c5
20. dxc5 (20. Bxd5 Rxd5 21. e4 Rdd8 $15) 20... Bxc5 21. b4 Bd6 22. Qb2 $11)
18... fxe6 19. Bxe6+ Kg7 20. Bxc8 Qxc8 21. f4 $14) 15. Ne5 Be8 $11 {/+/= Par
of Bishops and no weaknesses is enouph compensation for space advantage of
White.} 16. Nxf6+ Bxf6 17. f4 g6 18. Bf3 (18. Rfd1 Bg7 19. Bf3 Qe7 20. a3 f6
21. Nc4 Rd7 22. b4 Bf7 $11) 18... Bg7 19. Nd3 (19. b4 f6 20. Nd3 Qf7 21. Nc5
Rac8 $14 {=}) 19... Rac8 20. g4 $6 {Illogically} ({Better is} 20. b4 $14) ({or
} 20. g3 $14 {[%cal Gc2g2]}) 20... b6 21. b4 {"Nice composition" of PPg4and b4!
} Qd6 22. Rfd1 (22. a3 f6 $132) 22... Qe7 23. Qg2 {[%csl Rc6] Now we
understand the g2-g4 idea...} g5 {Not bad reaction! If white have played g2-g3
this impact would be impossible!} 24. Bxc6 Bxc6 25. Rxc6 Rxc6 26. Qxc6 gxf4 27.
Nxf4 e5 $1 {Black use g2-g4 lacks very effectively!} 28. Qe4 $8 Qg5 $2 $16 {
Mistake, but punishments has not followed.} (28... f5 $1 29. gxf5 Qh4 30. Rf1
exf4 31. Rxf4 Qf6 $44) (28... Qxb4 {[%cal Gd8d1,Gb4e4]} 29. Nh5 Bh8 30. Qf5 Qd6
(30... exd4 31. Qg5+) 31. d5 $14) 29. Nh5 $2 $11 ({Why not} 29. Nh3 Qh6 30. Nf2
exd4 31. exd4 Qd6 32. d5 Be5 33. h3 $16 {?}) 29... f5 $8 30. Qxf5 Qxe3+ 31. Kh1
exd4 32. Rf1 (32. Nxg7 Kxg7 33. Qd3 (33. g5 Qe7 34. b5 (34. Rd3 Rf8 $19) 34...
d3 $15) 33... Qe6 34. a3 $11) 32... Qe5 (32... Rf8 33. Qd5+ Kh8 34. Rxf8+ Bxf8
35. Nf6 Qe1+ 36. Kg2 Qe2+ 37. Kg3 Qe3+ 38. Kg2 $11) 33. Nxg7 Qxg7 34. Qe6+ Kh8
35. Rf7 Qg5 (35... Qg6 36. Qe7 (36. Rxh7+ Kxh7 37. Qe7+ Kh6 38. Qxd8 Qe4+ 39.
Kg1 Qxg4+ $15) 36... Kg8 37. Qxd8+ Kxf7 38. Qd7+ $14) 36. Rf5 Qg7 (36... Qg6
37. Qe7 Qc6+ 38. Kg1 Qc1+ $11) 37. Rf7 Qg5 38. Rf5 Qg7 39. Rf7 1/2-1/2

[Event "Bundesliga 0102"]
[Site "Germany"]
[Date "2001.11.25"]
[Round "4.1"]
[White "Dorfman, Josif D"]
[Black "Lamprecht, Frank"]
[Result "1-0"]
[WhiteElo "2602"]
[BlackElo "2399"]
[Annotator "Tsesarsky,I"]
[PlyCount "83"]
[EventDate "2001.10.06"]
[EventType "team-tourn"]
[EventRounds "15"]
[EventCountry "GER"]
[SourceTitle "CBM 087"]
[Source "ChessBase"]
[SourceDate "2002.03.21"]
[SourceVersion "1"]
[SourceVersionDate "2002.03.21"]
[SourceQuality "1"]
[WhiteTeam "Hamburger SK"]
[BlackTeam "Hamburg Koenigsspringer"]
[WhiteTeamCountry "GER"]
[BlackTeamCountry "GER"]

1. c4 c6 2. d4 d5 3. Nf3 Nf6 4. Nc3 e6 5. Bg5 Nbd7 6. e3 Qa5 7. cxd5 Nxd5 8.
Qd2 Bb4 9. Rc1 O-O 10. Bd3 e5 11. a3 (11. O-O {-mainline} h6 12. Bh4 {-see
commented game 0-1 Vshivkov,K-Kozlov,O/Perm 1997/CBM 58 [Tsesarsky,I](40)})
11... Bxc3 12. bxc3 exd4 ({In case of} 12... h6 $6 {White can play} 13. c4 $1 (
{Not} 13. Bh4 $6 Qxa3 14. Nxe5 Nxe5 15. dxe5 Ne7 16. e4 Ng6 17. Bg3 Rd8 18. O-O
Qc5 19. Kh1 Nxe5 $17 {0-1 Valenzuela,L-Vera,R/Elista 1998/CBM 66 ext (35)})
13... Qxa3 (13... Qxd2+ 14. Kxd2 N5b6 (14... hxg5 15. cxd5 $16) 15. Bh4 $14)
14. cxd5 hxg5 15. dxc6 bxc6 16. O-O $14) 13. cxd4 Qxa3 $44 {White has
sufficient compensation for P lack.} 14. O-O f5 $5 {[%csl Re5,Rg5] This move's
purpose is to prevent e3-e4 promotion. In other hand, this move's disadvantage
is weakening dark squares in the black camp.} (14... h6 15. e4 (15. Bh4 Re8 16.
e4 Nf4 17. Bc2 Ng6 18. Ra1 Qd6 $44) 15... hxg5 16. exd5 cxd5 (16... g4 $5 17.
Ne5 Nxe5 18. dxe5 cxd5 19. Rc7 a5 20. Qe3 {[%cal Gd3h7]} g6 21. Qd4 (21. Rd1 {
[%cal Ge3h6]} Bf5 $17) 21... Qb4 22. Qe3 Qa3 $44) 17. Ra1 Qd6 18. Qxg5 $44) {
Threatening Bxf5} 15. Qc2 {[%cal Gc2f5]} h6 (15... N7b6 16. Ne5 Be6 17. e4 Nb4
18. Qc5 Qb3 19. Bb1 (19. Rc3 Nxd3 20. Nxd3 Nd7 $15) 19... fxe4 20. Bxe4 N4d5
$44) 16. Bh4 N7b6 17. Ne5 g5 $2 $16 {Serious positional mistake. The last move
weakens black K without any compensation. There was not reason to do it!} (
17... Be6 $142 $44) 18. Bg3 Rf6 {[%cal Ga3f8] Preparing f8 square for Qa3
retreat.} (18... Be6 19. Rfe1 a5 20. Qe2 $16 {[%cal Ge2h5]}) 19. h4 (19. Nc4 {
[%cal Gg3e5]} Nxc4 20. Bxc4 Be6 21. Be5 Rf7 22. Qe2 $16 {[%cal Ge2h5]}) 19...
Qf8 ({Or} 19... f4 20. hxg5 hxg5 21. exf4 gxf4 22. Bh4 $16 {[%csl Rg8]}) 20.
Qd2 $6 $14 (20. hxg5 $142 hxg5 21. Rfe1 $16 {[%csl Rg8][%cal Ge3e4]}) 20... f4
21. Bh2 Be6 22. Rfe1 (22. hxg5 hxg5 23. Rc5 $14) 22... Qg7 23. e4 Ne7 24. hxg5
hxg5 25. g3 $4 $17 {Terrible positional mistake. Now Black can organize
unpleasant pressure on the h-line.} ({Right was} 25. Ra1 $1 {[%cal Ga1a5]} Rh6
26. Ra5 {[%cal Ga5g5]} Qh8 27. Nf3 {[%csl Rg5][%cal Gf3h2,Gf3g5]} g4 28. Rg5+
Rg6 29. Qb4 Re8 (29... gxf3 30. Qxe7 Qg7 31. Qxg7+ Kxg7 32. Rxg6+ Kxg6 33. Bxf4
$16) 30. Qd6 Qg7 (30... Bf7 $6 31. e5 Rg7 32. e6 Bh5 33. Ree5 (33. Rxg7+ Qxg7
34. Nh4 Nbd5 35. Re5 $13) 33... gxf3 34. Rxh5 Rxg2+ 35. Kf1 Qg7 36. Bh7+ Kh8
37. Be4+ Kg8 38. Bxf3 $16) 31. Rxg6 Nxg6 32. Ng5 Qf8 33. Qxf8+ Kxf8 (33... Nxf8
34. Bxf4 Bc4 35. Bc2 $16) 34. e5 Kg7 35. Ra1 Bc4 36. Bxc4 Nxc4 37. Rxa7 Re7 38.
Ne4 $132 {[%csl Rb7,Rh2][%cal Ge4d6]}) 25... Rh6 $1 ({Not} 25... Rd8 $2 26.
gxf4 gxf4+ 27. Kh1 Rxd4 (27... Ng6 28. Rg1 $16) 28. Rg1 Ng6 29. Qc3 Rd8 30. Be2
$16 {[%csl Rg6][%cal Ge2h5]}) 26. f3 ({Loses also} 26. gxf4 gxf4+ 27. Kh1 {
[%cal Ge1g1]} {in view of} Ng6 $1 ({Not} 27... Kh8 $2 28. f3 (28. Qxf4 $4 Rf8
$19) 28... Qf6 {[%csl Rf4][%cal Gf6f4]} (28... Nd7 $2 29. Rg1 (29. Nxd7 Bxd7
30. Qxf4 Rf8 31. Qd2 Rxf3 32. Rg1 Bg4 33. Rxg4 $1 Rxd3 $1 34. Qe2 Qxd4 35. Rf1
Rd2 36. Rf8+ Kh7 37. Rf7+ Kh8 38. Rf8+ $11) 29... Qf6 30. Ng4 Bxg4 31. Rxg4
Qxd4 32. Qxf4 Qf6 $44) 29. Rc2 Rd8 $15) 28. f3 (28. Rg1 Rxh2+ 29. Kxh2 Qh8+ 30.
Kg2 Qh3#) 28... Nxe5 29. dxe5 Qxe5 $19) 26... Nd7 27. gxf4 gxf4+ 28. Kh1 Nxe5
29. dxe5 Qxe5 {White's position is lost, but Black should solve some tactical
problems.} 30. Bc4 Kf7 (30... Bxc4 31. Rxc4 Kf7 $19 {[%cal Ga8h8]}) 31. Bxe6+
Kxe6 32. Re2 Rah8 (32... a5 $19) 33. Rg2 Ng6 $4 $11 (33... Rh3 34. Rf1 Kf6 35.
Kg1 Ng6 $19) 34. Rd1 $2 $17 {Dorfman didn't want draw after} (34. Rxg6+ $3 Rxg6
35. Rxc6+ bxc6 36. Qd7+ Kf6 37. Qg7+ $1 Kxg7 $11 (37... Rxg7 $11 {Patt!}))
34... R8h7 $2 $132 ({Much better was} 34... Kf7 35. Qd7+ Qe7 36. Qf5+ Qf6 37.
Qd7+ Ne7 38. Rf1 $1 (38. Qxb7 $2 Rxh2+ 39. Rxh2 Rxh2+ 40. Kxh2 Qh4+ 41. Kg1
Qg3+ 42. Kf1 Qxf3+ 43. Ke1 Qxe4+ $19) 38... b5 39. Qxa7 Qc3 $17) 35. Qd8 $5 (
35. Qa2+ $6 Kf6 36. Qa3 (36. Qxa7 Nh4 37. Rgd2 Nxf3 38. Rd6+ Kg5 $19) 36... a5
37. Rd6+ Kf7 38. Qa2+ Kg7 $17) 35... Rxh2+ ({After} 35... Qc7 {also Black
hasn't any advantage:} 36. Qg5 Ne7 37. Qg4+ Kf6 38. Qg5+ Kf7 39. e5 a5 40. Rd6
Rh5 41. Qxf4+ Ke8 42. Re6 Rh8 43. Qd4 R5h6 44. Rxh6 Rxh6 45. Rg7 b5 $17 46. Qf4
) 36. Rxh2 Rxh2+ 37. Kxh2 Qh5+ 38. Kg1 Qc5+ 39. Kg2 Ne7 40. Qd7+ Kf7 41. Rd6
Qc2+ (41... Qe5 $44) 42. Kh1 (42. Kh1 Qc4 $15) 1-0

[Event "FRA-ch"]
[Site "Meribel"]
[Date "1998.08.14"]
[Round "1"]
[White "Hauchard, Arnaud"]
[Black "Guigonis, Dominique"]
[Result "1-0"]
[WhiteElo "2500"]
[BlackElo "2315"]
[Annotator "Tsesarsky,I"]
[PlyCount "135"]
[EventDate "1998.08.14"]
[EventType "tourn"]
[EventRounds "15"]
[EventCountry "FRA"]
[EventCategory "10"]
[SourceTitle "CBM 067"]
[Source "ChessBase"]
[SourceDate "1998.11.30"]
[SourceVersion "2"]
[SourceVersionDate "1998.11.01"]
[SourceQuality "1"]

{[%mdl 28672]} 1. c4 e6 2. Nc3 d5 3. d4 c6 4. Nf3 Nf6 5. Bg5 Nbd7 6. e3 Qa5 7.
cxd5 exd5 8. Nd2 Ne4 (8... Be7 9. Bd3 O-O (9... Nf8 10. Qc2 Ne6 11. Bh4 g6 12.
O-O O-O 13. a3 Qd8 14. b4 $14 {1-0 Agdestein,S-Fernandes,A/Thessaloniki olm
1984/BIG 80 (51)}) 10. O-O Re8 11. a3 Qd8 12. Qc2 Nf8 13. h3 Ng6 14. Rfe1 (14.
b4 Be6 (14... a6 15. Rab1 Be6 16. a4 Bd6 17. b5 a5 18. bxc6 bxc6 19. Ne2 $14)
15. b5 $14) 14... Nh5 15. Qd1 (15. Bxe7 Qxe7 16. b4 Qg5 17. Nf3 Qf6 18. Bxg6
hxg6 19. Qd1 $14 (19. Ne5 Qg5 20. Kh2 Bf5 21. Qb2 $14)) 15... Bxg5 16. Qxh5 Nf8
17. b4 a6 18. Na4 $132 {1-0 Maksimenko,A-Zheliandinov,V/Lvov 1995/EXP 50 (38)})
(8... Bd6 9. Bd3 O-O 10. Qc2 (10. O-O Qc7 11. Nf3 Re8 12. Rc1 Qb8 13. Qc2 h6
14. Bh4 Ng4 15. Bg3 Bxg3 16. hxg3 Ndf6 17. b4 Qd6 18. b5 $14 {1/2-1/2
Selezniev,A-Bogoljubow,E/URS-ch03 Moscow 1924/URS-ch (56)}) 10... Re8 11. Bh4
Be7 12. O-O Nf8 13. a3 Nh5 14. Bxe7 Rxe7 15. b4 Qd8 16. b5 $14 (16. a4 Nf6 17.
b5 $14 {1-0 Levenfish,G-Freiman,S/URS-ch09 Leningrad 1934/URS-ch (72)})) 9.
Ndxe4 (9. Ncxe4 dxe4 10. Bf4 Nf6 11. a3 Bg4 12. Qb1 Be6 13. Be5 c5 (13... Ng4
14. b4 (14. Qxe4 Nxf2 $15) 14... Qa4 15. Nxe4 Nxe5 16. dxe5 Rd8 17. Bd3 Be7 18.
O-O O-O 19. Nc3 (19. f4 $16) 19... Qb3 20. Bxh7+ Kh8 21. Qxb3 Bxb3 22. Bf5 $16)
14. dxc5 (14. Bxf6 $18) 14... Bb3 15. Bxf6 $18 {1-0 Koerholz,L-Kargoll,P/
RLPF-ch Wittlich 1985/GER 05 (17)}) 9... dxe4 10. Bh4 $14 (10. Bf4 Bb4 (10...
Nf6 11. Bc4 Bb4 12. Qb3 O-O 13. a3 Bxc3+ 14. Qxc3 Qf5 15. O-O Be6 16. b4 Bxc4
17. Qxc4 Qd5 $11 {0-1 Vukovic,S-Karaklajic,N/Sombor YUG ch 1957 (36)}) 11. Qc2
Nf6 (11... Nb6 12. Qxe4+ (12. Bc7 $5) 12... Be6 13. Bd3 (13. Rc1 Qxa2 14. Qc2
Nc4 $15) 13... Bxc3+ 14. bxc3 Qxc3+ 15. Ke2 Nd5 16. Rhc1 Qxa1 17. Rxa1 Nc3+ $19
{1/2-1/2 Liardet,F-Godena,M/18th op A, Cannes FRA 1997 (56)}) 12. Bc4 O-O 13.
O-O Bf5 14. Be5 Nd7 15. Bg3 Bxc3 16. bxc3 Rac8 17. Bd6 $16 {1-0 Toh,T-Handoko,
E/2nd Pools, Singapore SIN 1997 (51)}) 10... Bb4 (10... Nb6 11. Qc2 Bb4 12. a3
Nd5 13. Rc1 Bxc3+ 14. bxc3 O-O 15. Qb2 Bg4 16. Bc4 Rac8 17. O-O $14 {1-0
Pavlovic,M-Mihailidis,A/Eu Youth bu14, Mureck AUT 1998 (50)}) (10... h5 11. d5
Rh6 12. Be2 Bb4 13. Qd4 Kf8 14. O-O Bxc3 15. bxc3 Qxd5 16. Rad1 Qxd4 17. Rxd4
f6 18. Bg3 Nb6 19. Bd6+ Kf7 20. Rxe4 $14 {1-0 Hergott,D-Mariotti,S/Dubai olm
1986/TD 86\02 (40)}) 11. Qc2 O-O 12. Be2 f5 (12... c5 13. O-O cxd4 14. exd4 g5
15. Bg3 f5 16. Nd5 f4 (16... Qxd5 17. Bc4 $18 {1-0 Lilienthal,A-Pikler,R/
Budapest 1932 (46)}) 17. Qb3 fxg3 18. Nxb4+ Kh8 19. fxg3 $16) 13. O-O Nf6 14.
f3 $6 $11 (14. Bg3 Rf7 15. a3 Bf8 16. b4 Qd8 17. b5 cxb5 18. Nxb5 Nd5 19. Bc4 (
19. Rfc1 $14) 19... Be6 20. Qb3 $14 {0-1 Martin,P-Letelier,R/Mar del Plata
1949 (58)}) (14. a3 Bxc3 15. bxc3 Be6 16. c4 $14 {1/2-1/2 Beretta-Piazzini/
Buenos Aires 1947 (42)}) 14... exf3 15. Bc4+ (15. Bxf3 Be6 $11) (15. Qb3+ Kh8
16. Bxf3 Bd6 $11) 15... Nd5 $5 (15... Kh8 $5 16. Rxf3 Bd6 17. Raf1 Ng4 18. Bg3
Bxg3 19. Rxg3 Re8 20. Bd3 g6 $11) 16. Rxf3 Be6 17. Raf1 (17. Nxd5 cxd5 (17...
Bxd5 18. a3 Bd6 19. Rxf5 $1 Rxf5 20. Qxf5 $16) 18. Bd3 Rae8 (18... Rac8 19. Qb3
Rf7 20. Raf1 Bd6 $11) 19. Bg3 Rf7 $11 (19... Rc8 $11)) 17... Rae8 18. Nxd5 cxd5
19. Bb3 Bd6 20. Bg3 Bxg3 $6 $14 (20... Rc8 21. Qf2 Be7 $11) 21. Rxg3 Rc8 (21...
Rf7 $14) 22. Qf2 Qc7 23. Rf3 Qd6 (23... Rf7 $14) 24. Qd2 Rf7 25. Bc2 g6 $6 (
25... Rcf8 $14) 26. Bd3 Kg7 27. Qf2 Bd7 28. Qh4 (28. g4 Rcf8 29. Qh4 h6 30. g5
h5 $11) 28... Rcf8 29. Qf4 Qxf4 30. exf4 Be6 $2 $16 (30... Rc8 $1 31. Re1 Kf6
32. Rfe3 Rff8 33. Kf2 Rfe8 34. Re5 Be6 $14) 31. Re3 (31. Rc1 $6 Rc8 32. Rxc8
Bxc8 33. Re3 Kf6 34. Re8 Rc7 35. Kf2 Be6 36. Ke3 Rc1 $132) 31... Kf6 32. Rc1
Re8 33. Re5 Ree7 34. Rce1 Bc8 35. Kf2 Be6 36. Bc2 Rf8 37. Bb3 Rd8 38. Rc1 Rd6 (
38... Bf7 39. Rc5 Red7 (39... b6 40. Rc6+ Re6 41. Rc7 $18) 40. Ba4 b6 41. Rc6+
Rd6 42. Rc7 a6 43. Bc6 h6 44. Ke3 g5 45. g3 $16) 39. Rc5 Rc6 (39... a6 40. a3 (
40. Bxd5 b6 41. Rc6 Rxc6 42. Bxc6 Bxa2 $11) 40... b6 41. Rc3 h6 42. h4 Rg7 43.
Bc2 Re7 (43... g5 44. fxg5+ hxg5 45. Bxf5 Bxf5 46. Rf3 gxh4 47. Rfxf5+ Kg6 48.
Rxd5 $18) 44. Bd3 a5 45. Bc2 $16) 40. Bxd5 Rb6 (40... Bxd5 41. Rexd5 Rb6 42.
Rc2 Re4 43. Kf3 Rbe6 44. Rd7 Re3+ 45. Kf2 R3e4 46. g3 Re7 47. Rxe7 Rxe7 48. Re2
(48. d5 Re4 49. Rd2 Ke7 $44) 48... Rc7 49. Ke3 Ke6 50. Kd3+ Kd6 $16) (40...
Rxc5 41. dxc5 Bxd5 42. Rxd5 Re4 43. Kf3 Rc4 44. Rd7 Rxc5 45. Rxb7 Ra5 46. a3 h6
$16) 41. b3 Bxd5 42. Rxe7 $6 $14 (42. Rcxd5 $16) 42... Kxe7 43. Rxd5 Ra6 (43...
Ke6 44. Ra5 a6 45. Ke3 Kd7 46. Rd5+ Kc6 47. Rc5+ Kd7 48. Kd3 $14) 44. a4 Rc6 (
44... Rb6 45. Rb5 Rxb5 46. axb5 Kd6 47. Ke3 Kc7 48. d5 Kb6 49. d6 $18) (44...
Ke6 45. Rb5 Rd6 (45... b6 46. Ke3 $18 {[%csl Ra6]}) 46. Rxb7 Rxd4 47. Ke3 Re4+
48. Kd3 Rxf4 49. Rxa7 Rf2 50. Rxh7 Rxg2 51. b4 $18) 45. Rb5 (45. Rc5 $4 Rxc5 (
45... Rd6 $4 46. Rc7+ $18 (46. Ke3 Kd7 $16)) 46. dxc5 Ke6 47. Ke3 Kd5 48. c6 (
48. b4 Kc4 $19) 48... bxc6 49. Kd3 a5 50. Kc3 Kc5 51. b4+ axb4+ 52. Kb3 Kd4 53.
Kxb4 c5+ 54. Kb3 Kd3 55. Kb2 (55. a5 c4+ 56. Ka2 c3 57. a6 c2 58. a7 c1=Q 59.
a8=Q Qxf4 $17) 55... Kc4 56. Ka3 Kd3 $11) 45... b6 (45... Rc7 46. Ke3 Kd6 $14)
46. a5 Rc2+ $6 $14 (46... Kd6 47. axb6 axb6 48. Ke3 Rc2 49. Rxb6+ Kc7 50. Re6
Rxg2 51. Re7+ Kc6 52. Rxh7 Rb2 53. Kd3 Rxb3+ 54. Kc4 Ra3 $44) 47. Kg3 bxa5 (
47... Rc3+ 48. Kh4 (48. Kf2 Rc2+) 48... Rc2 49. axb6 axb6 50. Kh3 Rc6 51. g4
fxg4+ (51... Rd6 52. Re5+ Kf6 53. g5+ Kf7 54. d5 b5 55. Kg3 Ra6 56. Kf3 Ra3 57.
d6 Rxb3+ 58. Ke2 Rb2+ 59. Ke3 Ra2 60. Re7+ Kf8 61. Rxh7 $18) 52. Kxg4 Rd6 53.
Re5+ Kf6 54. d5 b5 55. Kf3 Ra6 56. Ke4 Ra2 57. d6 Rxh2 58. Rd5 Re2+ 59. Kd4 Ke6
60. Kd3 $1 Re1 61. Kd2 $1 $18) 48. Rxa5 Rc3+ $4 $18 (48... Rc7 $1 $14 49. Kh4
h6 50. Ra6 Kf7 51. g3 Rd7 52. b4 Rxd4 53. Rxa7+ Ke6 54. Ra6+ Kf7 55. b5 g5+ 56.
Kh5 gxf4 57. gxf4 Rxf4 58. Rxh6 Rb4 59. b6 Kg7 60. Rc6 Rb2 (60... f4 61. Kg4
Kf7 62. Kf3 (62. h4 f3+ 63. Kxf3 Rxh4 $11) 62... Ke7 63. h4 Kd7 64. Rh6 $18)
61. h4 Rg2 62. Rc8 (62. Rc7+ Kf6 63. b7 Rb2 $11) 62... Rb2 63. Rc7+ Kf6 64. b7
Rb4 65. Rh7 Rb1 $11) 49. Kh4 Rxb3 (49... Rc7 50. Kg5 Ke6 51. g3 (51. Kh6 Rc2
52. Kxh7 Rxg2 53. Kg7 g5 54. Re5+ Kd6 55. fxg5 Rxg5+ 56. Kf6 Rh5 57. Re2 f4 $11
) 51... Rc2 52. h3 Rc3 53. g4 Rxb3 54. gxf5+ gxf5 55. d5+ Kd6 56. h4 Rb7 57.
Kxf5 $16) 50. Rxa7+ Kf6 51. Rxh7 Rb2 (51... Rd3 52. Ra7 Rxd4 53. Ra6+ Kf7 54.
Kg5 Rd2 55. g3 Rxh2 56. Rf6+ Ke7 57. Rxg6 $18) 52. Kh3 $4 $11 (52. d5 Rxg2 53.
h3 Rd2 54. Rd7 Rd3 55. Rd6+ Kg7 $11) (52. Kg3 $1 Rb3+ 53. Kf2 Rb2+ 54. Kf3 Rb3+
55. Ke2 Rb2+ 56. Kd3 Rxg2 57. d5 $1 Ra2 (57... Rg1 58. Kc4 $18) 58. Kd4 Ra4+
59. Kc5 Rxf4 60. d6 Rf1 61. d7 Rd1 62. Kc6 Rc1+ (62... Ke6 63. Kc7 g5 64. d8=Q
Rxd8 65. Kxd8 g4 66. Rh6+ Ke5 67. Ke7 f4 68. Rg6 Kf5 (68... f3 69. Rf6 Ke4 70.
Ke6 Ke3 71. Kf5 $18) 69. Kf7 f3 70. Kg7 Kf4 71. Kh6 $1 $18) 63. Kd6 Rd1+ 64.
Kc7 Rc1+ 65. Kd8 Re1 (65... f4 66. Re7 f3 67. Ke8 Rd1 68. Rf7+ Kg5 69. d8=Q+
Rxd8+ 70. Kxd8 Kg4 71. Ke7 $18) 66. Rh8 f4 67. Kc7 $18) 52... Rd2 $4 $18 (52...
Rb4 53. Rd7 Ke6 54. Rd8 Ke7 55. Rd5 Ke6 56. Re5+ Kf7 57. Kg3 (57. d5 Rxf4 $44)
57... Rxd4 $11) 53. Rd7 Ke6 54. Rd8 Ke7 55. Rd5 Kf7 (55... Ke6 56. Re5+ Kf6 (
56... Kd6 57. d5 Rd4 58. g3 Rd2 59. Re6+ $18) 57. d5 Rd3+ 58. g3 Rd2 59. Re6+
Kf7 60. Rd6 $18) 56. Rd6 Kg7 57. d5 Kf7 58. g3 Kg7 59. Rd8 Kf6 60. d6 Kf7 61.
d7 Ke7 62. Rg8 Kxd7 63. Rxg6 Ke7 64. Kh4 Rxh2+ 65. Kg5 Kf7 66. Rf6+ Kg7 67.
Rxf5 Rh6 68. Rf7+ 1-0

[Event "GER-GRE"]
[Site "Fuerth"]
[Date "2002.08.31"]
[Round "1"]
[White "Halkias, Stelios"]
[Black "Luther, Thomas"]
[Result "0-1"]
[WhiteElo "2550"]
[BlackElo "2551"]
[Annotator "Tsesarsky,I"]
[PlyCount "63"]
[EventDate "2002.08.31"]
[EventType "team"]
[EventRounds "6"]
[EventCountry "GER"]
[SourceTitle "CBM 091"]
[Source "ChessBase"]
[SourceDate "2002.11.12"]
[SourceVersion "1"]
[SourceVersionDate "2002.11.12"]
[SourceQuality "1"]
[WhiteTeam "Greece"]
[BlackTeam "Germany"]
[WhiteTeamCountry "GRE"]
[BlackTeamCountry "GER"]

1. Nf3 Nf6 2. c4 e6 3. d4 d5 4. Nc3 c6 5. Bg5 Nbd7 6. e3 Qa5 7. Nd2 Bb4 8. Qc2
O-O 9. Be2 c5 10. O-O cxd4 11. exd4 {This move is not strongest.} ({The
mainline is} 11. Nb3 {-see detailed commented game 1-0 Rahman,Z-Prakash,G/
Guntur, AP 2000/CBM 77[Tsesarsky,I] (44)}) 11... dxc4 12. Bxf6 (12. Be3 Nb6 13.
Nxc4 Nxc4 14. Bxc4 Bd7 15. Qb3 Bc6 16. Ne2 Bd5 $15 {0-1 Benitah,Y-Payen,A/
Enghien les Bains 1995/EXT 97 (35)}) (12. Bh4 {-see commented game 1/2-1/2
Kramnik,V-Ivanchuk,V/Luzern 1993/CBM 38[Ftachnik,L] (19)}) 12... Nxf6 13. Nxc4
Qc7 (13... Qd8 14. Rfd1 Bxc3 15. bxc3 Nd5 16. Ne3 Qc7 17. Rac1 Bd7 $14 {
1-0 Nikolajevs,D-Kukovec,B/Tallinn 1997/EXT 98 (17)}) 14. Rac1 (14. Qb3 Bxc3
15. bxc3 b6 16. Ne5 Bb7 17. Rfd1 Rfd8 18. a4 $132 {1-0 Gregor,J-Suran,J/CZE
1998/EXT 99 (49)}) 14... Bxc3 15. Qxc3 (15. bxc3 Bd7 16. Ne5 $11) 15... Bd7 16.
Ne5 Qb6 17. Bf3 {Isolated Pd4 is potential weakness. 2 pairs of pieces have
already disappeared from the board, and thi factor is in Black's favour. On
the other hand, white Bf3 and Ne5 are active, and pressure on c-file makes
position of White good.} Rfd8 18. Rfd1 Be8 19. b3 Nd5 20. Qc5 Qd6 21. h3 ({
After} 21. Qxd6 Rxd6 22. Nc4 Rdd8 23. Ne3 {position is equal.} Bc6 24. Bxd5
Bxd5 25. Rc7 Bc6 26. Kf1 Rac8 27. Rxc8 Rxc8 28. d5 $11) 21... Qf8 $5 {[%cal
Gb7b6]} 22. Bxd5 {Basicly, White should avoid any pieces exchange, unless
forcing variation.} (22. Re1 b6 23. Qc2 Qb4 24. Qe2 Bb5 25. Qe4 Nf6 26. Qb7 {
[%csl Rf7]} Nd7 27. Red1 $132) 22... Rxd5 23. Qc7 Qb4 24. Rc4 Qb6 {Black put
pressure on isolated Pd4. White need counterplay on c-file. Position is still
equal, but...} 25. Qe7 $6 ({Stronger is} 25. Rdc1 $1 Kf8 $1 $11 {White can't
increase pressure.} ({Not} 25... Qxc7 $2 26. Rxc7 Rxd4 (26... f6 27. Nd3 Rxd4
28. Nc5 {[%csl Rb7,Re6]} e5 29. Rxb7 Rd2 30. Ne6 $16) 27. Rxb7 f6 28. Nf3 Rd7
29. Rxd7 Bxd7 30. Rc7 $16)) 25... Qd8 26. Qxd8 $2 $17 {Very bad.} ({The only
way to equality was} 26. Qc7 $1 f6 27. Nf3 Bh5 28. g4 $1 Bg6 29. Qxb7 Rd7 (
29... e5 30. Rc7 Kh8 31. Rxg7 $18) 30. Qa6 (30. Qc6 Rd6 31. Qc7 Be4 $44) 30...
e5 31. Rdc1 Bd3 32. dxe5 Bxc4 33. Qxc4+ Kh8 34. Kg2 $44) 26... Raxd8 27. Rdc1 (
27. Nf3 Bc6 28. Rd2 f6 $17) ({Now impossible to play} 27. Rc7 {in view of} Rxe5
$1 $19) 27... f6 28. Ng4 $6 ({More stubborn is} 28. Nf3 Bc6 29. Kh2 Ra5 {
[%csl Ra2,Rf3]} 30. R1c2 Bxf3 31. gxf3 Rad5 32. Rc7 R8d7 33. Rxd7 Rxd7 34. Kg3
Kf7 $17 {Of course, Black has advantage, but it is less than an advantage in
the game. B+R+P against R+N are much more powerful.}) 28... Rxd4 29. Rxd4 Rxd4
30. Rc2 Kf7 31. Ne3 Bc6 32. Nc4 $17 0-1